[Event "Kalavryta Rapid"]
[Site "Kalavryta"]
[Date "2013.12.08"]
[Round "5.4"]
[White "Kontogianni, Maria Hristina"]
[Black "Karahisaridis, Vasilios"]
[Result "0-1"]
[WhiteElo "1651"]
[BlackElo "1833"]
[PlyCount "58"]
[EventDate "2013.12.07"]
[EventType "swiss (rapid)"]
[EventRounds "7"]
[EventCountry "GRE"]
[SourceTitle "EXT 2024"]
[Source "ChessBase"]
[SourceDate "2023.10.10"]
[SourceVersion "1"]
[SourceVersionDate "2023.10.10"]
[SourceQuality "1"]

1. e4 e5 2. Nf3 Nf6 3. Nxe5 d6 4. Nf3 Nxe4 5. Qe2 Qe7 6. d3 Nf6 7. Nc3 Be6 8. g3 Nbd7 9. Bg2 g6 10. 0-0 Bg7 11. Re1 0-0 12. Nd4 Rfe8 13. Bxb7 Rab8 14. Nc6 Qf8 15. Nxb8 Rxb8 16. Bg2 Bg4 17. Qe7 Ne5 18. Qxf8+ Kxf8 19. Rb1 Nf3+ 20. Bxf3 Bxf3 21. Be3 Ng4 22. Bxa7 Ra8 23. Be3 Ra5 24. h3 Rh5 25. h4 Bf6 26. Rec1 Bxh4 27. Kf1 Bg5 28. Ke1 Nxe3 29. Ne4 Ng2+ 0-1

[Event "GRE-ch U16 Girls"]
[Site "Kallithea"]
[Date "2009.07.01"]
[Round "9"]
[White "Kontogianni, Maria Hristina"]
[Black "Themeli, Dimitra"]
[Result "1/2-1/2"]
[WhiteElo "1620"]
[BlackElo "1642"]
[PlyCount "26"]
[EventDate "2009.06.25"]
[EventType "swiss"]
[EventRounds "9"]
[EventCountry "GRE"]
[SourceTitle "EXT 2011"]
[Source "ChessBase"]
[SourceDate "2010.11.26"]
[SourceVersion "1"]
[SourceVersionDate "2010.11.26"]
[SourceQuality "1"]

1. e4 c5 2. Nf3 g6 3. d4 cxd4 4. Nxd4 Nf6 5. Nc3 Nc6 6. Be3 Bg7 7. f3 Qb6 8. Nf5 Qxb2 9. Nxg7+ Kf8 10. Ne6+ fxe6 11. Bd2 a6 12. Rb1 Qa3 13. Rb3 Qc5 1/2-1/2

[Event "GRE-ch U16 Girls"]
[Site "Kallithea"]
[Date "2009.06.27"]
[Round "4"]
[White "Kontogianni, Maria Hristina"]
[Black "Vatkali, Dimitra"]
[Result "0-1"]
[WhiteElo "1620"]
[BlackElo "1858"]
[PlyCount "77"]
[EventDate "2009.06.25"]
[EventType "swiss"]
[EventRounds "9"]
[EventCountry "GRE"]
[SourceTitle "EXT 2011"]
[Source "ChessBase"]
[SourceDate "2010.11.26"]
[SourceVersion "1"]
[SourceVersionDate "2010.11.26"]
[SourceQuality "1"]

1. e4 c6 2. d4 d5 3. exd5 cxd5 4. Bd3 Nc6 5. c3 Qc7 6. Ne2 Bg4 7. f3 Bd7 8. Bf4 e5 9. dxe5 Nxe5 10. Bxe5 Qxe5 11. 0-0 Bc5+ 12. Kh1 Ne7 13. Ng3 0-0 14. Qe2 Qc7 15. Qc2 f5 16. Re1 Rf6 17. Nd2 Rh6 18. Ndf1 Rf8 19. Re2 f4 20. Rxe7 Bxe7 21. Nf5 Bxf5 22. Bxf5 Qe5 23. Bg4 Bc5 24. Rd1 Rd6 25. Qd3 g6 26. b4 Be3 27. c4 d4 28. c5 Rd5 29. Re1 Kg7 30. Nd2 h5 31. Nc4 Qe7 32. Bh3 Kh6 33. Nd6 Rf6 34. Ne4 Ra6 35. Qc4 Rd8 36. b5 Rf6 37. Nxf6 Qxf6 38. Qe6 Qh4 39. Rd1 0-1

[Event "Pirgou Sphlios op 2nd"]
[Site "Greece"]
[Date "2007.08.16"]
[Round "1"]
[White "Vazelakis, Dimitrios"]
[Black "Kontogianni, Maria Hristina"]
[Result "1-0"]
[WhiteElo "1950"]
[BlackElo "1020"]
[PlyCount "55"]
[EventDate "2007.08.16"]
[EventType "swiss"]
[EventRounds "7"]
[EventCountry "GRE"]
[SourceTitle "EXT 2008"]
[Source "ChessBase"]
[SourceDate "2007.11.25"]
[SourceVersion "1"]
[SourceVersionDate "2007.11.25"]
[SourceQuality "1"]

1. c4 e5 2. Nc3 Nf6 3. g3 Nc6 4. Bg2 Bb4 5. Nd5 Be7 6. d3 d6 7. Nf3 Be6 8. Nxe7 Qxe7 9. 0-0 0-0 10. e4 Nd4 11. Nxd4 exd4 12. h3 c6 13. f4 d5 14. cxd5 cxd5 15. e5 Nd7 16. f5 Bxf5 17. Rxf5 g6 18. Rf1 Qxe5 19. Bf4 Qe7 20. Bxd5 Nf6 21. Bg2 Rfe8 22. Bg5 Qd6 23. Bxf6 Qxg3 24. Qf3 Re3 25. Qxg3 Rxg3 26. Rf3 Rxf3 27. Bxf3 Rd8 28. Bxd8 1-0

[Event "Pyrgos Spilios Dimitris op 1st"]
[Site "Pyrgos"]
[Date "2006.08.18"]
[Round "1"]
[White "Panagiotakos, Nikolaos"]
[Black "Kontogianni, Maria Hristina"]
[Result "1-0"]
[WhiteElo "1915"]
[BlackElo "1075"]
[PlyCount "63"]
[EventDate "2006.08.18"]
[EventType "swiss"]
[EventRounds "6"]
[EventCountry "GRE"]
[SourceTitle "EXT 2024"]
[Source "ChessBase"]
[SourceDate "2023.10.10"]
[SourceVersion "1"]
[SourceVersionDate "2023.10.10"]
[SourceQuality "1"]

1. e4 e5 2. Nf3 Nc6 3. d4 exd4 4. Nxd4 Nf6 5. Nxc6 bxc6 6. e5 Nd5 7. c4 Nb6 8. Nc3 Bb4 9. Bd2 d5 10. exd6 Qxd6 11. a3 Bxc3 12. Bxc3 Qxd1+ 13. Rxd1 0-0 14. b3 Be6 15. Bd3 Rad8 16. 0-0 Nd7 17. Bc2 Nc5 18. Bb4 Rxd1 19. Rxd1 Re8 20. Bxc5 a6 21. Be4 g6 22. Bxc6 Rb8 23. Ba4 Bf5 24. b4 Be6 25. Bb3 c6 26. Rd6 Re8 27. f3 Rc8 28. Bd4 h5 29. Bf6 c5 30. bxc5 Rxc5 31. Rd8+ Kh7 32. Rh8# 1-0